000 00768nam a22002657a 4500
001 BR6005243
003 BR-BrBNA
005 20230928083222.0
007 ta
008 230509b bl.||||| |||| 00| 0 por d
040 _aBR-BrBNA
_bpor
_cBiblioteca Nacional de Agricultura
041 _a(Por)
072 _aF00; Q10
_b1510
090 _ 1510 BR6005243
100 1 _aCastro Sobrinho, A.R. de
110 1 _aMinisterio da Agricultura, Industria e Commercio, Rio de Janeiro, GB (Brasil). Servico de Informacoes
245 1 _aA araruta, cultura e industria
260 3 _aRio de Janeiro, GB (Brasil):
_c1924.
300 _a25 p.
650 _aARARUTA
650 _aINDUSTRIALIZACAO
650 _aPLANTIO
909 _a202309
_bLucia
_c55
_dLucia Elande
942 _cBK
999 _c12214
_d12214